00629nam a2200229Ia 450000100060000000300090000600800410001504000130005604000130006904100130008210000180009510000290011324500310014224500280017325000110020126000120021226000120022426000490023630000590028565000240034465000310036812819IT-RoPAU130308s9999 xx 000 0 und d aIT-RoPAU cIT-RoPAU aITALIANO aIrigaray Luce gCodice Aut. SPICS: 27456 aInconscio premeditato (L') bPsicoanalisi e Estetica a1a ed. aFIRENZE bSansoni c1975 [1° Ed.:1975 - Ed.Ling.Originale:1966] a"16 p. (prefazione: no ; testo: 16 [pagine: 188-203])" aSAGGI DI PSICOLOGIA eCodice materia Spics: 3607